<?xml version="1.0" encoding="UTF-8"?>
<record
    xmlns:xsi="http://www.w3.org/2001/XMLSchema-instance"
    xsi:schemaLocation="http://www.loc.gov/MARC21/slim http://www.loc.gov/standards/marcxml/schema/MARC21slim.xsd"
    xmlns="http://www.loc.gov/MARC21/slim">

  <leader>01278nam2a22002531  4500</leader>
  <controlfield tag="001">rc\4456338</controlfield>
  <controlfield tag="005">20250612090623.0</controlfield>
  <datafield tag="021" ind1=" " ind2=" ">
    <subfield code="a">RU</subfield>
    <subfield code="b">[61-6854]</subfield>
  </datafield>
  <datafield tag="035" ind1=" " ind2=" ">
    <subfield code="a">(NLR Aleph) 008590064</subfield>
  </datafield>
  <datafield tag="090" ind1=" " ind2=" ">
    <subfield code="a">8638444</subfield>
    <subfield code="c">8638444</subfield>
  </datafield>
  <datafield tag="100" ind1=" " ind2=" ">
    <subfield code="a">20130416d1960    |||y0rusy50      ca</subfield>
  </datafield>
  <datafield tag="101" ind1="0" ind2=" ">
    <subfield code="a">rus</subfield>
  </datafield>
  <datafield tag="102" ind1=" " ind2=" ">
    <subfield code="a">RU</subfield>
  </datafield>
  <datafield tag="105" ind1=" " ind2=" ">
    <subfield code="a">y   z   |||||</subfield>
  </datafield>
  <datafield tag="200" ind1="1" ind2=" ">
    <subfield code="a">&#x421;&#x43E;&#x432;&#x435;&#x442;&#x441;&#x43A;&#x43E;&#x435; &#x43A;&#x438;&#x43D;&#x43E; &#x432; &#x43F;&#x43E;&#x441;&#x43B;&#x435;&#x434;&#x43D;&#x438;&#x435; &#x433;&#x43E;&#x434;&#x44B;. (1945-1953 &#x433;&#x433;.)</subfield>
    <subfield code="e">&#x423;&#x447;&#x435;&#x431;. &#x43F;&#x43E;&#x441;&#x43E;&#x431;&#x438;&#x435;</subfield>
    <subfield code="f">&#x413;&#x440;&#x43E;&#x448;&#x435;&#x432;, &#x410;.&#x41D;., &#x43A;&#x430;&#x43D;&#x434;. &#x438;&#x441;&#x43A;&#x443;&#x441;&#x441;&#x442;&#x432;&#x43E;&#x432;&#x435;&#x434;&#x435;&#x43D;&#x438;&#x44F; &#x434;&#x43E;&#x446;.</subfield>
  </datafield>
  <datafield tag="210" ind1=" " ind2=" ">
    <subfield code="d">1960</subfield>
    <subfield code="a">&#x411;. &#x43C;.</subfield>
  </datafield>
  <datafield tag="215" ind1=" " ind2=" ">
    <subfield code="a">108 &#x441;.</subfield>
  </datafield>
  <datafield tag="461" ind1=" " ind2="0">
    <subfield code="1">001rc\4456329</subfield>
    <subfield code="1">2001#$a&#x418;&#x441;&#x442;&#x43E;&#x440;&#x438;&#x44F; &#x43A;&#x438;&#x43D;&#x43E; &#x421;&#x421;&#x421;&#x420;$e(&#x41A;&#x43E;&#x43D;&#x441;&#x43F;&#x435;&#x43A;&#x442;&#x44B; &#x43B;&#x435;&#x43A;&#x446;&#x438;&#x439;)$e1-$f&#x412;&#x441;&#x435;&#x441;&#x43E;&#x44E;&#x437;. &#x433;&#x43E;&#x441;. &#x438;&#x43D;-&#x442; &#x43A;&#x438;&#x43D;&#x435;&#x43C;&#x430;&#x442;&#x43E;&#x433;&#x440;&#x430;&#x444;&#x438;&#x438;. &#x41D;&#x430;&#x443;&#x447;.-&#x438;&#x441;&#x441;&#x43B;&#x435;&#x434;. &#x43A;&#x430;&#x431;&#x438;&#x43D;&#x435;&#x442;. &#x41A;&#x430;&#x444;&#x435;&#x434;&#x440;&#x430; &#x438;&#x441;&#x442;&#x43E;&#x440;&#x438;&#x438; &#x43A;&#x438;&#x43D;&#x43E;$v8</subfield>
    <subfield code="9">8638390</subfield>
    <subfield code="c">&#x41C;&#x43E;&#x441;&#x43A;&#x432;&#x430;</subfield>
    <subfield code="d">1958</subfield>
    <subfield code="f">&#x412;&#x441;&#x435;&#x441;&#x43E;&#x44E;&#x437;. &#x433;&#x43E;&#x441;. &#x438;&#x43D;-&#x442; &#x43A;&#x438;&#x43D;&#x435;&#x43C;&#x430;&#x442;&#x43E;&#x433;&#x440;&#x430;&#x444;&#x438;&#x438;. &#x41D;&#x430;&#x443;&#x447;.-&#x438;&#x441;&#x441;&#x43B;&#x435;&#x434;. &#x43A;&#x430;&#x431;&#x438;&#x43D;&#x435;&#x442;. &#x41A;&#x430;&#x444;&#x435;&#x434;&#x440;&#x430; &#x438;&#x441;&#x442;&#x43E;&#x440;&#x438;&#x438; &#x43A;&#x438;&#x43D;&#x43E;</subfield>
    <subfield code="n">&#x411;. &#x438;.</subfield>
    <subfield code="o">(&#x41A;&#x43E;&#x43D;&#x441;&#x43F;&#x435;&#x43A;&#x442;&#x44B; &#x43B;&#x435;&#x43A;&#x446;&#x438;&#x439;) : 1-</subfield>
    <subfield code="t">&#x418;&#x441;&#x442;&#x43E;&#x440;&#x438;&#x44F; &#x43A;&#x438;&#x43D;&#x43E; &#x421;&#x421;&#x421;&#x420;</subfield>
    <subfield code="v">8</subfield>
  </datafield>
  <datafield tag="700" ind1=" " ind2="1">
    <subfield code="a">&#x413;&#x440;&#x43E;&#x448;&#x435;&#x432;</subfield>
    <subfield code="b">&#x410;.&#x41D;.</subfield>
    <subfield code="g">&#x410;&#x43B;&#x435;&#x43A;&#x441;&#x430;&#x43D;&#x434;&#x440; &#x41D;&#x438;&#x43A;&#x43E;&#x43B;&#x430;&#x435;&#x432;&#x438;&#x447;</subfield>
  </datafield>
  <datafield tag="801" ind1=" " ind2="0">
    <subfield code="a">RU</subfield>
    <subfield code="b">NLR</subfield>
    <subfield code="g">psbo</subfield>
  </datafield>
  <datafield tag="801" ind1=" " ind2="1">
    <subfield code="a">RU</subfield>
    <subfield code="b">ELAR</subfield>
    <subfield code="2">rusmarc</subfield>
  </datafield>
  <datafield tag="852" ind1=" " ind2=" ">
    <subfield code="a">NLR</subfield>
    <subfield code="j">58-4/15919</subfield>
  </datafield>
  <datafield tag="942" ind1=" " ind2=" ">
    <subfield code="c">BOOK</subfield>
  </datafield>
  <datafield tag="980" ind1=" " ind2=" ">
    <subfield code="a">NB</subfield>
  </datafield>
  <datafield tag="995" ind1=" " ind2=" ">
    <subfield code="5">2013-10-26</subfield>
    <subfield code="b">NLR01</subfield>
    <subfield code="c">NLR01</subfield>
    <subfield code="e">RF31</subfield>
    <subfield code="f">1-940916</subfield>
    <subfield code="k">58-4/15919</subfield>
    <subfield code="o">0</subfield>
    <subfield code="r">BOOK</subfield>
    <subfield code="s">58415919_</subfield>
  </datafield>
</record>
